000 00486nam a2200193Ia 4500
005 20230323093846.0
008 131103s9999 xx 000 0 und d
020 _cRs.8.50
040 _aLoreto College
041 _aEnglish
082 _a891.441
_bTRI
100 _aTripathi, Dipti
245 _aAdhunik bangla kabya porichaya
_cDipti Tripathi
260 _aKolkata
_bNabhana
_c1964
300 _a400p.
650 _aBengali poetry - Criticism
850 _aLCLIB
942 _cBK
999 _c21226
_d71705